000
00216 a2200097 4500
001
20020
100
_a
Younghusband
245
_a
Social work and social values
260
_a
_b
Allen & Unwin
_c
090
_c
14614
_d
14614
942
_a
NUST-CAE
_c
M
_c
5130
999
_c
255093
_d
255093